000 00624nam a2200193Ia 4500
005 20260114185656.0
008 008 260114s9999 xx 000 0 eng d
020 _a9780755698493
037 _aEBOOK
040 _aCRL
_beng
_cCRL
041 _aeng
_2eng
084 _qCRL
100 _aJames Gregory
_9873003
245 0 _aVictorians Against the Gallows Capital Punishment and the Abolitionist Movement in Nineteenth Century Britain
260 _bBloomsbury
_c2011
856 _uhttps://doi.org/10.5040/9780755698493?locatt=label:secondary_bloomsburyCollections
942 _cEBOOK
999 _c1471951
_d1471951